LEADER 00437naa a2200133 i 4500 001 000000304269 003 CaOOAMICUS 005 20180831172816.0 008 180831n xx u000 u und u 013 $a12086 040 $aSeMil$bita 100 1 $aBianchi, Enzo,$d<1943- >.$0(OLS)http://semarc/name/367 245 12$aL'abba del deserto e il padre della koinonia. 996 $6245$aL'abba del deserto e il padre della koinonia$9(OLS)http://semarc/title/378478 LEADER 00401nab a2200133 i 4500 001 000000311714 003 CaOOAMICUS 005 20180831173038.0 008 180831n xx uu u0 0und r 013 $a20804 040 $aSeMil$bita 245 12$aL?incidente Herzog - Dupin - Turmel. 773 0 $t[Gennaio-Giugno].$g696$w()274182 996 $6245$aL?incidente Herzog - Dupin - Turmel$9(OLS)http://semarc/title/386270